| 000 | 00474nam a2200145Ia 4500 | ||
|---|---|---|---|
| 008 | 230917s9999||||xx |||||||||||||| ||und|| | ||
| 040 |
_e179452 _aMAIN |
||
| 041 | _aEnglish | ||
| 082 | _a891.433721 DP536D | ||
| 100 | _aधर्मपाल | ||
| 245 | 0 | _aदो लघु उपन्यास : राजघाट की ओर तथा मुक्ति | |
| 260 |
_aरोहतक _bमंथन पब्लिकेशन _c1989 |
||
| 300 | _a168 p. | ||
| 942 | _cHN | ||
| 999 |
_c63663 _d63663 |
||